Statistics for Languages of Algeria on a Map

Click here to take the quiz!

General Stats

  • This quiz has been taken 111 times
  • The average score is 2 of 11

Answers on the Map

Answers color-coded by a green-red scale on the quiz's map according to % correct below.
 

Answer Stats

GroupFlagSpeakersAnswer% Correct
Semitic36,000,000Algerian Arabic
98%
Kabyle Berber4,000,000Kabyle
40%
Zenati Berber2,600,000Shawiya
16%
Zenati Berber150,000Mozabite
13%
Zenati Berber76,000Shenwa
13%
Tuareg Berber130,000Tamahaq
13%
Songhay3,000Korandje
9%
Zenati Berber20,000Ouargli
6%
Zenati Berber26,000Guara
4%
Zenati Berber1,000Tidikelt
4%
Zenati Berber8,400Tugurt
4%

Score Distribution

Percentile by Number Answered

Percent of People with Each Score

Your Score History

You have not taken this quiz